| 000 | 00646nam a2200217Ia 4500 | ||
|---|---|---|---|
| 003 | BUBTL | ||
| 008 | 151213s9999 xx 000 0 und d | ||
| 020 | _a984-809032-5 | ||
| 082 | _a658.401/MAE | ||
| 100 |
_aMannan, Dr. M .A. Farhana Ferdousi _93023 |
||
| 245 |
_aEssential of Total Quality Management _cDr. M .A. Manowar Farhana Ferdousi |
||
| 250 | _a1st | ||
| 260 |
_aDhaka _bUGC _c2007 |
||
| 300 |
_axvi , 233p. : _bill . 27cm |
||
| 650 |
_aManagement _93024 |
||
| 650 |
_aManagement _93024 |
||
| 700 |
_aDr. M .A. Manowar Farhana Ferdousi _93025 |
||
| 856 |
_k0 _l0 _yDownload |
||
| 942 |
_2ddc _cBK |
||
| 999 |
_c2803 _d2803 |
||